01279nam a2200325 a 4500001001000000003000500010005001700015008004100032010001100073011001100084040000900095090001000104100004500114245015600159260004200315500006000357502007700417590004100494590004000535590004000575650002200615650003200637650004100669856007000710901000700780942001000787942000600797999001900803952013100822000115044CHAP20220329144511.0180910s2018 mx |sm |||||||spa d a111505 a112477 cCHAP aTesis1 aHernández Hernández, Eliseo.913546010aAnálisis de macroelementos de diferentes componentes edáficos en Manglares de Paraíso, Tabascoh[En línea]cpor Eliseo Hernández Hernández. aChapingo, Méx. :bEl autor.,c2018. aPara ver el contenido del material haga clic en la liga aTesis (Ing. Agr. Esp. en Fitotecnia) -- UACH. Departamento de Fitotecnia aBATCH-UPDb05c20181002lUCH01h1128 aE5765TAJb05c20180910lUCH01h0914 aE5765TAJb05c20181002lUCH01h112714aHojarasca.95585814aSuelosxAnálisis.911020414aSuelosxElementos minerales.9110356 aFinding aiduhttp://10.13.5.2/tesis/sist115044.pdfzTeclea aquí aBK cTESIS n0 c111505d111505 00104054718TESISaBCbBCd2018-09-10fTESISl0oTesisp115053-10r2019-12-31 00:00:00w2019-12-31yTESISzRecien adquirido